LEADER 01030nam a2200169 i 4500 001 000000216430 003 CaOOAMICUS 005 20121019000000.0 008 121019s1862 xx u000 u lat u 013 $a195320 040 $aSeMil$bita 245 13$aDe scriptoribus ecclesiasticis liber unus cum adiunctis indicibus undecim et brevi chronologia ab orbe condito ... Roberto card. Bellarmino e Societate Jesu auctore. 300 $a618 p. 773 0 $aBellarmino, Roberto $tRoberti cardinalis Bellarmini opera omnia.$bEditio 1. Neapolitana iuxta Venetam anni 1721 dicata eminentiss. cardinali Xisto Riario Sforza archyepiscopo Neapolitano.$dNeapoli : Apud Josephum Giuliano, 1856-1862.$g6$w()1310 850 $aSeMil 852 $aSeMil$W1$xVenegono$y1$m2D IV 49 FA$j166849$B166849$CSeMilBibl$Z2$F177678 $8I 996 $6245$aDe scriptoribus ecclesiasticis liber unus cum adiunctis indicibus undecim et brevi chronologia ab orbe condito ... Roberto card. Bellarmino e Societate Jesu auctore$9(OLS)http://semarc/title/311199